Contribución industrial de comercio y profesiones : Real Decreto de 11 de mayo de 1926 : tarifas y nomenclator ... / revisadas por Francisco Pellico Latorre Real Decreto de 11 de mayo de 1926 :

Publicado: Madrid : Góngora, [1931?]
Descripción Física: 640, 29 p. ; 15 cm

MARC

LEADER 00000nam a2200000Ia 4500
001 14233
008 160829s9999 xx 000 0 cat d
080 |a M-4-177 
245 |a Contribución industrial de comercio y profesiones :  |b  Real Decreto de 11 de mayo de 1926 :  |b  tarifas y nomenclator ... / revisadas por Francisco Pellico Latorre 
260 |a Madrid :  |b Góngora, [1931?] 
300 |a 640, 29 p. ;  |c 15 cm 
490 |a Biblioteca de bolsillo / Góngora. Códigos y leyes anotados 
590 |a Índex 
650 |a Indústria  |x Impostos  |x Dret i legislació  |x Espanya  |9 24733 
901 |a Arxiu 
942 |n 1 
952 |0 0  |1 0  |4 0  |6 M4177  |7 1  |9 43292  |a Arxiu  |b Arxiu  |d 2016-12-01  |l 0  |o M-4-177  |p 14233  |r 2016-12-01 00:00:00  |w 2016-12-01  |y ARXIU 
999 |c 45837  |d 45837